000 01114cam a2200361 a 4500
999 _c2749
_d2749
001 017605641
003 UkOxU
005 20230818142725.0
008 090617r20081989enka 000 0 eng d
010 _a2009294221
020 _a9780194790758 (pbk.)
020 _a0194790754 (pbk.)
035 _a(OCoLC)314404441
035 _a(IeDuTC)b139441621
035 _a(UkLCURL)08b139441621
038 _aOCoLC
040 _aSVW
_cSVW
_dDLC
_dTVG
_dKH8
042 _alccopycat
049 _lo
082 0 0 _a428.6 DUC
_222
090 _aTCD
_bPB-285-891
100 1 _aDuckworth, Michael,
_eauthor.
245 1 0 _aVoodoo island /
_bMichael Duckworth.
260 _aOxford ;
_aNew York :
_bOxford University Press,
_cc2008.
300 _a56 p. :
_bill. ;
_c20 cm.
490 1 _aOxford bookworms library. Stage 2, Fantasy & horror
500 _a"First published in Oxford Bookworms 1989"--T.p. verso.
650 0 _aReaders (Adult)
650 0 _aEnglish language
_vTextbooks for foreign speakers.
650 0 _aReading comprehension
_vProblems, exercises, etc.
651 0 _aHaiti
_vFiction.
942 _2ddc
_cTR